000 00410nam a2200145Ia 4500
008 100122s9999 xx 000 0 und d
082 _b33147
_a823
100 _aबोधे ब वा
245 _aचांगभलं
260 _bगुलमोहर पब्लिकेशन्स
_c1982
300 _a204
630 _aचांगभलं
730 _aचांगभलं
942 _cBOOK
999 _c417284
_d417281